000 00350nam a2200145Ia 4500
003 OSt
005 20240115125051.0
008 170524s9999 xx 000 0 und d
020 _a0070616345
040 _ciimt university meerut
100 _aJAWADEKAR-W S
245 0 _aMANAGEMENT INFORMATION SYSTEM
260 _bTATA MCGRAW HILL
942 _2ddc
_c02
999 _c8062
_d8062